A merging market (Record no. 84270)

MARC details
000 -LEADER
fixed length control field 00873cab a22001935a 4500
001 - CONTROL NUMBER
control field L157146
008 - FIXED-LENGTH DATA ELEMENTS--GENERAL INFORMATION
fixed length control field 120910e2012 xxk 000 0 eng d
035 ## - SYSTEM CONTROL NUMBER
System control number (Sirsi) u157146
041 0# - LANGUAGE CODE
Language code of text/sound track or separate title eng
100 1# - MAIN ENTRY--PERSONAL NAME
Personal name Sandher, Hardeep
245 02 - TITLE STATEMENT
Title A merging market
260 ## - PUBLICATION, DISTRIBUTION, ETC.
Date of publication, distribution, etc. 2012
490 #0 - SERIES STATEMENT
Series statement Property Week
Volume/sequential designation 78(36) 7 September 2012, 88-90(3)
520 ## - SUMMARY, ETC.
Summary, etc. Property Week's second graduate survey reveals that 2012 has been even tougher for those who want to obtain placements at the major property firms. Total successful applications fell from 326 in 2011 to 275 in 2012 across the same 17 firms. Savills tops this year's list taking 50 applicants. Applicants were up 7.5%, number of placements down by 26.5%, and the number of applicants per place has increased by 28.2%
590 ## - LOCAL NOTE (RLIN)
Local note KA
650 24 - SUBJECT ADDED ENTRY--TOPICAL TERM
Topical term or geographic name entry element Business and management
651 #4 - SUBJECT ADDED ENTRY--GEOGRAPHIC NAME
Geographic name United Kingdom
942 ## - ADDED ENTRY ELEMENTS (KOHA)
Suppress in OPAC 0
Holdings
Withdrawn status Lost status Source of classification or shelving scheme Damaged status Not for loan Home library Current library Shelving location Date acquired Total Checkouts Full call number Barcode Date last seen Copy number Price effective from Koha item type
    Dewey Decimal Classification     London London Journal article 09/09/2012   L157146 157146-1001 06/08/2019 1 06/08/2019 Journal article